[Event "2. Bundesliga West 2009/20010"]
[Site "Bregenz"]
[Date "2010.01.30"]
[Round "7"]
[Board "5"]
[White "Pitschka, Klaus"]
[Black "Schnegg, Martin"]
[Result "1/2-1/2"]
[WhiteElo "2235"]
[BlackElo "2102"]
[PlyCount "68"]
[EventDate "2009.10.23"]
[EventType "team"]
[EventRounds "11"]
[EventCountry "AUT"]
[WhiteTeam "Wuestenrot Sbg SIR"]
[BlackTeam "Sparkasse Jenbach II"]

1.e4 c5 2.Nf3 d6 3.c3 Nf6 4.Bd3 Nc6 5.Bc2 Bg4 6.d4 cxd4 7.cxd4 Bxf3 8.gxf3 g6
9.Ba4 Nd7 10.d5 Nce5 11.f4 Nc4 12.Qd4 Rg8 13.Nc3 Ncb6 14.Be3 Bg7 15.Qb4 Nxa4
16.Qxa4 a6 17.Qb4 b6 18.O-O Nc5 19.Rfd1 g5 20.f5 Be5 21.Rac1 f6 22.Qc4 Rc8
23.Bxc5 b5 24.Qb3 Rxc5 25.a4 Bxc3 26.Rxc3 Rxc3 27.bxc3 Qa5 28.axb5 axb5 29.Rb1
Kf7 30.Qxb5 Qxc3 31.Qd7 Re8 32.Qe6+ Kf8 33.Rb6 Qf3 34.h3 g4 {Rest unleserlich}

[Event "2. Bundesliga West 2009/20010"]
[Site "Bregenz"]
[Date "2010.01.30"]
[Round "7"]
[Board "1"]
[White "Drabke, Lorenz"]
[Black "Bertagnolli, Alexander"]
[Result "1-0"]
[WhiteElo "2455"]
[BlackElo "2332"]
[PlyCount "69"]
[EventDate "2009.10.23"]
[EventType "team"]
[EventRounds "11"]
[EventCountry "AUT"]
[WhiteTeam "Dornbirn"]
[BlackTeam "Rochade Rum"]

1.e4 c5 2.Nf3 d6 3.Bb5+ Bd7 4.Bxd7+ Qxd7 5.O-O g6 6.c3 Nf6 7.Qe2 Nc6 8.d4 cxd4
9.cxd4 d5 10.e5 Nh5 11.Nc3 Ng7 12.Bh6 Ne6 13.Bxf8 Kxf8 14.Qe3 Kg7 15.Ne2 Rac8
16.Rac1 Rc7 17.h4 h5 18.Rc3 Rhc8 19.Ne1 Na5 20.f4 Nc4 21.Qc1 Qb5 22.f5 Nf8 23.b3
Nb6 24.Rxc7 Rxc7 25.Qxc7 Qxe2 26.Qxe7 Qe3+ 27.Kh2 Qe2 28.Kg1 Qe3+ 29.Kh2 Qe2
30.e6 Nxe6 31.fxe6 Qxf1 32.Nf3 Qc1 33.Qxf7+ Kh6 34.Qf8+ Kh7 35.Ng5+

[Event "2. Bundesliga West 2009/20010"]
[Site "Bregenz"]
[Date "2010.01.30"]
[Round "7"]
[Board "2"]
[White "Eybl, Alexander"]
[Black "Szakolczai, Peter"]
[Result "1-0"]
[WhiteElo "2259"]
[BlackElo "2275"]
[PlyCount "65"]
[EventDate "2009.10.23"]
[EventType "team"]
[EventRounds "11"]
[EventCountry "AUT"]
[WhiteTeam "Rochade Rum"]
[BlackTeam "Dornbirn"]

1.Nf3 Nf6 2.g3 b6 3.Bg2 Bb7 4.O-O e6 5.c4 c5 6.Nc3 Be7 7.Re1 d6 8.e4 Qc8 9.b3 a6
10.d4 cxd4 11.Qxd4 Qc7 12.Bb2 O-O 13.h3 Nbd7 14.Nh2 Rad8 15.Nf1 Rfe8 16.Qd2 Qb8
17.g4 h6 18.Ng3 Qa8 19.f4 Nh7 20.Kh2 Bh4 21.Re3 Qb8 22.Rf1 Nhf6 23.Qe2 Nf8 24.e5
Bxg2 25.Qxg2 N6d7 26.exd6 Qxd6 27.Nh5 Qc5 28.Re2 Qc7 29.Nxg7 Bg5 30.Nxe8 Bxf4+
31.Kh1 Rxe8 32.Nd5 exd5 33.Rxe8

[Event "2. Bundesliga West 2009/20010"]
[Site "Bregenz"]
[Date "2010.01.30"]
[Round "7"]
[Board "3"]
[White "Novkovic, Julia"]
[Black "Hengl, Christian"]
[Result "1-0"]
[WhiteElo "2116"]
[BlackElo "2225"]
[PlyCount "95"]
[EventDate "2009.10.23"]
[EventType "team"]
[EventRounds "11"]
[EventCountry "AUT"]
[WhiteTeam "Dornbirn"]
[BlackTeam "Rochade Rum"]

1.e4 e6 2.d4 d5 3.exd5 exd5 4.Bd3 Bd6 5.Qf3 Nc6 6.c3 Be6 7.Bf4 Nge7 8.Ne2 Qd7
9.Bxd6 Qxd6 10.Nd2 O-O-O 11.b4 Ng6 12.Qg3 Qd7 13.Nb3 Rhe8 14.Nc5 Qd6 15.O-O Kb8
16.a4 Bc8 17.a5 Nce7 18.b5 Nf5 19.Qg5 Qe7 20.Qxe7 Rxe7 21.Rfb1 Rde8 22.Kf1 Nd6
23.Ra2 Bf5 24.a6 b6 25.Bxf5 Nxf5 26.Nd3 Re6 27.Nef4 Nxf4 28.Nxf4 Rd6 29.Re1
Rxe1+ 30.Kxe1 g5 31.Re2 c6 32.Re5 Rf6 33.Nh3 h6 34.Re8+ Kc7 35.Ra8 cxb5 36.Rxa7+
Kb8 37.Rd7 Nd6 38.f3 Re6+ 39.Kf2 Rf6 40.Ke1 Re6+ 41.Kf1 Rf6 42.Nf2 Nc4 43.Nd3 g4
44.Nb4 gxf3 45.gxf3 Rxf3+ 46.Ke2 Rf6 47.Nxd5 Re6+ 48.Kf2

[Event "2. Bundesliga West 2009/20010"]
[Site "Bregenz"]
[Date "2010.01.30"]
[Round "7"]
[Board "4"]
[White "Jedinger, Andreas"]
[Black "Karrer, Damian"]
[Result "1-0"]
[WhiteElo "2170"]
[BlackElo "2159"]
[PlyCount "99"]
[EventDate "2009.10.23"]
[EventType "team"]
[EventRounds "11"]
[EventCountry "AUT"]
[WhiteTeam "Rochade Rum"]
[BlackTeam "Dornbirn"]

1.e4 c5 2.Nf3 Nc6 3.d4 cxd4 4.Nxd4 Nf6 5.Nc3 e5 6.Ndb5 d6 7.Bg5 a6 8.Na3 b5
9.Bxf6 gxf6 10.Nd5 f5 11.Bd3 Be6 12.O-O Bxd5 13.exd5 Ne7 14.c3 Bg7 15.Nc2 e4
16.Be2 O-O 17.a4 bxa4 18.Rxa4 a5 19.Qd2 Qc8 20.Rfa1 Qb7 21.Ne3 Bh6 22.Rxa5 Rxa5
23.Rxa5 Ra8 24.Rxa8+ Qxa8 25.c4 Qa1+ 26.Bf1 Ng6 27.c5 dxc5 28.d6 Qa8 29.d7 Bg5
30.Qd6 Be7 31.Qc7 Qd8 32.Qc8 Nf8 33.Nxf5 Bf6 34.Bb5 Ne6 35.Nd6 Bxb2 36.Nb7 Qf8
37.Nxc5 Nd8 38.Nxe4 Qe7 39.g3 Kg7 40.Qc2 Bd4 41.Qd3 Qb4 42.Kg2 Qb2 43.Bc4 Kf8
44.Qf3 Ke7 45.Bxf7 Nxf7 46.Qxf7+ Kxf7 47.d8=Q h6 48.Qd7+ Kg6 49.g4 Qa1 50.h4

[Event "2. Bundesliga West 2009/20010"]
[Site "Bregenz"]
[Date "2010.01.30"]
[Round "7"]
[Board "5"]
[White "Kanonier, Clemens"]
[Black "Muehlbacher, Bernhard"]
[Result "1/2-1/2"]
[WhiteElo "2100"]
[BlackElo "2156"]
[PlyCount "130"]
[EventDate "2009.10.23"]
[EventType "team"]
[EventRounds "11"]
[EventCountry "AUT"]
[WhiteTeam "Dornbirn"]
[BlackTeam "Rochade Rum"]

1.e4 c5 2.Nf3 e6 3.d4 cxd4 4.Nxd4 a6 5.Nc3 Qc7 6.Bd3 Nf6 7.O-O b5 8.Qe2 Nc6
9.Nb3 Be7 10.a3 O-O 11.Bd2 Bb7 12.Rae1 d6 13.f4 e5 14.Nd5 Qd8 15.Kh1 exf4
16.Bxf4 Ne5 17.Nxe7+ Qxe7 18.Nd4 Nfd7 19.Nf5 Qe6 20.Qf2 Kh8 21.Qd4 f6 22.Qxd6
Rfe8 23.Qc7 Qc6 24.Bxe5 Rxe5 25.Qxc6 Bxc6 26.Nd4 Bb7 27.b4 Rae8 28.Nf3 R5e7
29.Nd2 Ne5 30.Kg1 Rd7 31.Nb3 Bc8 32.Nc5 Rd4 33.Re3 Kg8 34.h3 Red8 35.Rf2 Kh8
36.Kf1 h6 37.Kg1 Kh7 38.Kf1 Kh8 39.Kg1 Kh7 40.Rf4 Kh8 41.Rf2 Kh7 42.Be2 Kh8
43.Rc3 Kg8 44.g4 Kh7 45.Kg2 Kh8 46.Kg3 Kh7 47.h4 Kh8 48.g5 hxg5 49.hxg5 fxg5
50.Rh2+ Kg8 51.Rh5 Rd2 52.Bd3 Rf8 53.Bxb5 axb5 54.Rxg5 Nf7 55.Rd5 Rxd5 56.exd5
Nd6 57.Kg2 Rf4 58.Nd3 Rg4+ 59.Kf1 Nc4 60.Ne5 Rf4+ 61.Kg1 Bf5 62.Nc6 Kf7 63.a4
Rg4+ 64.Kh2 Rh4+ 65.Kg1 Rg4+

[Event "2. Bundesliga West 2009/20010"]
[Site "Bregenz"]
[Date "2010.01.30"]
[Round "7"]
[Board "6"]
[White "BABINETZ, RAINER"]
[Black "Kessler, Michaela"]
[Result "1-0"]
[WhiteElo "2087"]
[BlackElo "1913"]
[PlyCount "79"]
[EventDate "2009.10.23"]
[EventType "team"]
[EventRounds "11"]
[EventCountry "AUT"]
[WhiteTeam "Rochade Rum"]
[BlackTeam "Dornbirn"]

1.e4 c5 2.Nf3 d6 3.d3 Nf6 4.g3 Bg4 5.Nbd2 Nc6 6.Bg2 g6 7.h3 Bxf3 8.Nxf3 Bg7
9.O-O O-O 10.c3 Qc7 11.Be3 Rab8 12.Qd2 c4 13.Ne1 b5 14.f4 cxd3 15.Nxd3 e5 16.f5
Na5 17.b3 Rbc8 18.Rac1 Rfd8 19.Bg5 Qe7 20.Nb4 Rc5 21.Nd5 Rxd5 22.exd5 Nb7 23.Qf2
Rf8 24.Qxa7 h6 25.Bxf6 Bxf6 26.c4 Bg5 27.Rcd1 bxc4 28.bxc4 Rc8 29.h4 Nc5 30.Qxe7
Bxe7 31.Bh3 Ra8 32.fxg6 fxg6 33.Rf2 Ra3 34.Kh2 Rc3 35.Rb1 Rxc4 36.Rb8+ Kg7
37.Be6 Bf6 38.Rg8+ Kh7 39.Rxf6 Nxe6 40.Rfxg6

[Event "2. Bundesliga West 2009/20010"]
[Site "Bregenz"]
[Date "2010.01.30"]
[Round "7"]
[Board "1"]
[White "Dobosz, Henryk"]
[Black "Danner, Georg"]
[Result "1/2-1/2"]
[WhiteElo "2404"]
[BlackElo "2450"]
[PlyCount "97"]
[EventDate "2009.10.23"]
[EventType "team"]
[EventRounds "11"]
[EventCountry "AUT"]
[WhiteTeam "Goetzis"]
[BlackTeam "Sparkasse Schwarzach"]

1.e4 c5 2.Nf3 Nc6 3.Bb5 Nf6 4.Bxc6 dxc6 5.d3 g6 6.Nc3 Bg7 7.Be3 b6 8.Qd2 Bg4
9.Ng1 e5 10.Bh6 O-O 11.Bxg7 Kxg7 12.f4 exf4 13.Qxf4 Qd7 14.h3 Be6 15.Nge2 Qe7
16.O-O Rad8 17.Qe5 Rfe8 18.Ng3 Bd7 19.Nh5+ gxh5 20.Qg5+ Kh8 21.Qxf6+ Qxf6
22.Rxf6 Be6 23.b3 Rg8 24.Kh2 Rg5 25.Ne2 Kg7 26.Rf3 Kf8 27.Nf4 Ke7 28.Raf1 Kd6
29.h4 Rg4 30.g3 Ke5 31.Nxh5 b5 32.Nf4 c4 33.Ne2 cxd3 34.cxd3 c5 35.Kg2 Rgg8
36.Rc1 c4 37.Nf4 Bg4 38.Re3 c3 39.b4 Kd4 40.Kf2 a5 41.a3 axb4 42.axb4 Ra8 43.Rc2
Rge8 44.e5 Rxe5 45.Rxe5 Kxe5 46.Rxc3 Kd4 47.Rc5 Ra2+ 48.Kg1 Ra1+ 49.Kh2

[Event "2. Bundesliga West 2009/20010"]
[Site "Bregenz"]
[Date "2010.01.30"]
[Round "7"]
[Board "2"]
[White "Hecht, Hans-Joachim"]
[Black "Eisenbeiser, Amadeus"]
[Result "0-1"]
[WhiteElo "2381"]
[BlackElo "2390"]
[PlyCount "46"]
[EventDate "2009.10.23"]
[EventType "team"]
[EventRounds "11"]
[EventCountry "AUT"]
[WhiteTeam "Sparkasse Schwarzach"]
[BlackTeam "Goetzis"]

1.d4 f5 2.g3 Nf6 3.Bg2 g6 4.Nh3 Bg7 5.c3 Nc6 6.Nd2 O-O 7.Nf4 e5 8.dxe5 Nxe5
9.Bxb7 Bxb7 10.Qb3+ d5 11.Qxb7 Qd6 12.Qb3 g5 13.Nh3 Nf7 14.O-O h6 15.Qc2 f4
16.Kg2 Qc6 17.f3 fxg3 18.hxg3 d4 19.Nf2 g4 20.Nde4 gxf3+ 21.exf3 Ne5 22.Bf4 Nd5
23.Qb3 Rab8

[Event "2. Bundesliga West 2009/20010"]
[Site "Bregenz"]
[Date "2010.01.30"]
[Round "7"]
[Board "3"]
[White "Schmidlechner, Alexander"]
[Black "Ljubic, Juro"]
[Result "1/2-1/2"]
[WhiteElo "2190"]
[BlackElo "2237"]
[PlyCount "145"]
[EventDate "2009.10.23"]
[EventType "team"]
[EventRounds "11"]
[EventCountry "AUT"]
[WhiteTeam "Goetzis"]
[BlackTeam "Sparkasse Schwarzach"]

1.d4 c5 2.d5 e6 3.Nc3 d6 4.e4 Be7 5.Nf3 Nd7 6.dxe6 fxe6 7.Bf4 Qb6 8.Qd2 Ngf6
9.O-O-O e5 10.Bg5 h6 11.Be3 a6 12.Bc4 Nf8 13.Nh4 Qc7 14.Nf5 Bxf5 15.exf5 O-O-O
16.Nd5 Nxd5 17.Bxd5 Nd7 18.f3 Kb8 19.g4 Nf6 20.h4 Nxd5 21.Qxd5 Rhf8 22.h5 Qa5?
23.Kb1 Qb5 24.Rd3 Qc6 25.Rhd1 Qxd5 26.Rxd5 Kc7 27.c3 Kc6 28.Kc2 Bf6 29.b4 cxb4
30.cxb4 Rfe8 31.Kb3 b5 32.a4 Be7 33.R5d2 bxa4+ 34.Kxa4 d5 35.Rc2+ Kb7 36.Bc5 Bg5
37.b5 axb5+ 38.Kxb5 d4 39.Kc4 e4 40.fxe4 d3 41.Ra2 Rxe4+ 42.Kb5 Re5 43.Ra7+ Kb8
44.Rda1 Rxc5+ 45.Kb6 Ra5 46.R7xa5 Be3+ 47.Kc6 Rc8+ 48.Kd5 d2 49.Ra8+ Kc7
50.Rxc8+ Kxc8 51.Ke4 Bg5 52.Rd1 Kd7 53.Kd3 Ke7 54.Ke2 Kf6 55.Rb1 Ke5 56.Rb7 Kf6
57.Rd7 Bf4 58.Kf3 Ke5 59.Ke2 Kf6 60.Rd4 Bg5 61.Re4 Kf7 62.Re6 Bf4 63.Rg6 Be3
64.Rd6 Bf4 65.Rd4 Bg5 66.Rxd2 Bxd2 67.Kxd2 Kf6 68.Ke3 Kg5 69.Kf3 Kf6 70.Kf4 Kf7
71.g5 hxg5+ 72.Kxg5 Kf8 73.Kg6

[Event "2. Bundesliga West 2009/20010"]
[Site "Bregenz"]
[Date "2010.01.30"]
[Round "7"]
[Board "4"]
[White "Stoeckl, Norbert"]
[Black "Scheffknecht, Philipp"]
[Result "0-1"]
[WhiteElo "2076"]
[BlackElo "2163"]
[PlyCount "60"]
[EventDate "2009.10.23"]
[EventType "team"]
[EventRounds "11"]
[EventCountry "AUT"]
[WhiteTeam "Sparkasse Schwarzach"]
[BlackTeam "Goetzis"]

1.e4 c5 2.Nf3 e6 3.d4 cxd4 4.Nxd4 a6 5.Bd3 Nf6 6.O-O d6 7.Nc3 Qc7 8.Qe2 Nbd7
9.Bd2 Be7 10.f4 b5 11.Rae1 Bb7 12.e5 dxe5 13.fxe5 Bc5 14.Rf4 g5 15.Rxf6 Nxf6
16.exf6 Bxd4+ 17.Kh1 Bxf6 18.a4 b4 19.Ne4 Be7 20.c3 b3 21.c4 O-O-O 22.c5 Kb8
23.Bc3 f5 24.Nd6 Bxd6 25.cxd6 Qc6 26.Bxh8 Rxh8 27.d7 Rd8 28.Bc4 Rxd7 29.Bxb3 Rd3
30.Bxe6 Re3

[Event "2. Bundesliga West 2009/20010"]
[Site "Bregenz"]
[Date "2010.01.30"]
[Round "7"]
[Board "6"]
[White "Klinger, Josef Sen."]
[Black "Ferk, Martin"]
[Result "1/2-1/2"]
[WhiteElo "1984"]
[BlackElo "1964"]
[PlyCount "62"]
[EventDate "2009.10.23"]
[EventType "team"]
[EventRounds "11"]
[EventCountry "AUT"]
[WhiteTeam "Sparkasse Schwarzach"]
[BlackTeam "Goetzis"]

1.e4 e6 2.d4 d5 3.e5 c5 4.c3 Qb6 5.f4 Bd7 6.Nf3 Bb5 7.dxc5 Bxc5 8.Bxb5+ Qxb5
9.Qe2 Qxe2+ 10.Kxe2 Nc6 11.Nbd2 Nge7 12.Nb3 Bb6 13.Be3 Bxe3 14.Kxe3 O-O 15.Rad1
Rac8 16.g4 Rfd8 17.h4 b5 18.Nfd4 Nxd4 19.Nxd4 a6 20.f5 exf5 21.gxf5 Nc6 22.Nxc6
Rxc6 23.Rd4 Kf8 24.Rhd1 Rc5 25.R1d3 Ke7 26.Kd2 Rc4 27.Rxd5 Rxd5 28.Rxd5 Rxh4
29.Rd6 Re4 30.f6+ gxf6 31.Rxf6 h5

[Event "2. Bundesliga West 2009/20010"]
[Site "Bregenz"]
[Date "2010.01.30"]
[Round "7"]
[Board "1"]
[White "Hommeles, Theo"]
[Black "Webersberger, Johann"]
[Result "1-0"]
[WhiteElo "2412"]
[BlackElo "2367"]
[PlyCount "65"]
[EventDate "2009.10.23"]
[EventType "team"]
[EventRounds "11"]
[EventCountry "AUT"]
[WhiteTeam "Bregenz"]
[BlackTeam "ATSV Ranshofen"]

1.c4 c5 2.Nc3 Nc6 3.g3 g6 4.Bg2 Bg7 5.e3 e5 6.Nge2 Nge7 7.O-O d6 8.d3 O-O 9.b3
Be6 10.e4 f5 11.Nd5 Bxd5 12.cxd5 Nd4 13.Nxd4 cxd4 14.Ba3 Qd7 15.Bh3 Rac8 16.Qd2
Rc7 17.Rac1 Rfc8 18.Rxc7 Rxc7 19.Rc1 Rxc1+ 20.Qxc1 Qd8 21.Qc4 fxe4 22.dxe4 Bf8
23.Bb4 Kg7 24.Bd2 Ng8 25.f3 Nf6 26.Kf2 Nd7 27.b4 Nb6 28.Qc2 Na8 29.Qc8 Qxc8
30.Bxc8 b5 31.Bd7 a5 32.Bc8 Nc7 33.Bg5

[Event "2. Bundesliga West 2009/20010"]
[Site "Bregenz"]
[Date "2010.01.30"]
[Round "7"]
[Board "2"]
[White "Menacher, Manfred"]
[Black "Herbrechtsmeier, Christof"]
[Result "1/2-1/2"]
[WhiteElo "2274"]
[BlackElo "2268"]
[PlyCount "79"]
[EventDate "2009.10.23"]
[EventType "team"]
[EventRounds "11"]
[EventCountry "AUT"]
[WhiteTeam "ATSV Ranshofen"]
[BlackTeam "Bregenz"]

1.e4 d6 2.d4 Nf6 3.Nc3 e5 4.dxe5 dxe5 5.Qxd8+ Kxd8 6.f4 Bb4 7.Bd3 exf4 8.Bxf4
Be6 9.O-O-O Nbd7 10.Nb5 Ba5 11.Nf3 Bb6 12.Rhe1 h6 13.h3 Kc8 14.Nfd4 g5 15.Nxe6
gxf4 16.Nxf4 Ne5 17.c3 c6 18.Nd4 Kc7 19.Bc2 Nfd7 20.Re2 Rae8 21.Kb1 Ng6 22.Nh5
Nde5 23.Bb3 Rd8 24.Rf2 c5 25.Nb5+ Kb8 26.Bd5 a6 27.Na3 Rhe8 28.Ng7 Rg8 29.Nf5
Rh8 30.Kc2 Bc7 31.Ne3 Ne7 32.Nac4 N7g6 33.a4 b5 34.Nxe5 Nxe5 35.axb5 axb5 36.Ra1
Bb6 37.Ng4 Nxg4 38.hxg4 Rh7 39.Rf6 Ba7 40.Ra5

[Event "2. Bundesliga West 2009/20010"]
[Site "Bregenz"]
[Date "2010.01.30"]
[Round "7"]
[Board "3"]
[White "Poettinger, Harald"]
[Black "Dovzik, Juri"]
[Result "1/2-1/2"]
[WhiteElo "2196"]
[BlackElo "2365"]
[PlyCount "61"]
[EventDate "2009.10.23"]
[EventType "team"]
[EventRounds "11"]
[EventCountry "AUT"]
[WhiteTeam "Bregenz"]
[BlackTeam "ATSV Ranshofen"]

1.c4 c5 2.g3 Nc6 3.Bg2 g6 4.e3 Bg7 5.Ne2 e5 6.b3 Nge7 7.Bb2 O-O 8.Nbc3 d6 9.O-O
Rb8 10.d3 a6 11.a4 Be6 12.Rb1 d5 13.e4 dxe4 14.dxe4 Nd4 15.Nd5 Nec6 16.Nxd4 Nxd4
17.Ba3 Rc8 18.b4 cxb4 19.Rxb4 Bxd5 20.exd5 Re8 21.Qd3 Qe7 22.d6 Qxd6 23.Rxb7
Ne2+ 24.Qxe2 Qxa3 25.Bd5 Re7 26.Rxe7 Qxe7 27.Rb1 Rc7 28.Rb6 a5 29.Rb5 Ra7 30.Qe3
Bf8 31.Kg2

[Event "2. Bundesliga West 2009/20010"]
[Site "Bregenz"]
[Date "2010.01.30"]
[Round "7"]
[Board "4"]
[White "Ager, Josef"]
[Black "Bezler, Rainer"]
[Result "1/2-1/2"]
[WhiteElo "2214"]
[BlackElo "2292"]
[PlyCount "80"]
[EventDate "2009.10.23"]
[EventType "team"]
[EventRounds "11"]
[EventCountry "AUT"]
[WhiteTeam "ATSV Ranshofen"]
[BlackTeam "Bregenz"]

1.Nf3 d5 2.c4 c6 3.g3 Nf6 4.Bg2 dxc4 5.Na3 Bf5 6.Nxc4 Nbd7 7.O-O Nb6 8.b3 g6
9.Bb2 Bg7 10.d3 Qc8 11.Re1 Bh3 12.Bh1 h5 13.Nce5 h4 14.Qc2 hxg3 15.fxg3 Qf5
16.a4 a5 17.e4 Qh5 18.b4 Nbd7 19.Nxd7 Bxd7 20.bxa5 Bg4 21.Ne5 Rxa5 22.Nc4 Ra6
23.a5 Be6 24.Ne3 O-O 25.Bc3 b5 26.axb6 Rxb6 27.Rab1 Rfb8 28.Rxb6 Rxb6 29.Bd4 Ra6
30.Ra1 Rxa1+ 31.Bxa1 Ng4 32.Bxg7 Nxe3 33.Qd2 Qc5 34.Qc3 Qb5 35.Bf3 f6 36.Bh6 g5
37.h4 g4 38.Bxe3 gxf3 39.Kf2 Bg4 40.Qc4+ Qxc4

[Event "2. Bundesliga West 2009/20010"]
[Site "Bregenz"]
[Date "2010.01.30"]
[Round "7"]
[Board "5"]
[White "Heilinger, Dietmar"]
[Black "Enoeckl, Philipp"]
[Result "1/2-1/2"]
[WhiteElo "2133"]
[BlackElo "2216"]
[PlyCount "60"]
[EventDate "2009.10.23"]
[EventType "team"]
[EventRounds "11"]
[EventCountry "AUT"]
[WhiteTeam "Bregenz"]
[BlackTeam "ATSV Ranshofen"]

1.c4 g6 2.g3 Bg7 3.Bg2 Nf6 4.e4 d6 5.Ne2 O-O 6.O-O c5 7.Nbc3 Nc6 8.d3 a6 9.h3
Rb8 10.f4 Ne8 11.Be3 Nc7 12.d4 cxd4 13.Nxd4 Ne6 14.Nde2 Bd7 15.f5 Nc5 16.f6 Bxf6
17.Rxf6 exf6 18.Qxd6 Ne6 19.Nd5 Ne5 20.Bb6 Nxc4 21.Bxd8 Nxd6 22.Be7 Ne8 23.Bxf6
h6 24.Be7 Bc6 25.Nec3 Kg7 26.Bxf8+ Kxf8 27.Nb4 Rd8 28.Nxc6 bxc6 29.Rd1 Rxd1+
30.Nxd1 Ke7

[Event "2. Bundesliga West 2009/20010"]
[Site "Bregenz"]
[Date "2010.01.30"]
[Round "7"]
[Board "6"]
[White "Hackbarth, Wolfgang"]
[Black "Juen, Leopold"]
[Result "1/2-1/2"]
[WhiteElo "2123"]
[BlackElo "1991"]
[PlyCount "94"]
[EventDate "2009.10.23"]
[EventType "team"]
[EventRounds "11"]
[EventCountry "AUT"]
[WhiteTeam "ATSV Ranshofen"]
[BlackTeam "Bregenz"]

1.c4 Nf6 2.g3 g6 3.Bg2 Bg7 4.Nc3 d6 5.d4 O-O 6.Bg5 Nbd7 7.Nf3 c6 8.O-O Qc7 9.Rc1
h6 10.Bd2 e5 11.d5 a6 12.e4 c5 13.h3 Rb8 14.a4 b6 15.Be3 Kh7 16.g4 Ng8 17.g5 f6
18.gxh6 Bxh6 19.Qd2 Rf7 20.Nh4 Qd8 21.f4 exf4 22.Bxf4 Ne5 23.Bxh6 Nxh6 24.b3 Bd7
25.Nf3 Qe7 26.Nxe5 fxe5 27.Rxf7+ Nxf7 28.Ne2 Kg7 29.Rc3 Rf8 30.Rg3 Qh4 31.Qe3
Nh6 32.Qd2 Ng8 33.Qg5 Qxg5 34.Rxg5 Nf6 35.Rg3 b5 36.axb5 axb5 37.cxb5 Bxb5
38.Nc3 Bd7 39.Bf1 Nh5 40.Re3 Rb8 41.Nb1 Nf4 42.Nd2 Kf6 43.Nc4 Ke7 44.Kh2 Ra8
45.Nb6 Ra2+ 46.Kg3 Be8 47.Nc8+ Kd7

[Event "2. Bundesliga West 2009/20010"]
[Site "Bregenz"]
[Date "2010.01.30"]
[Round "7"]
[Board "1"]
[White "Gaertner, Guntram"]
[Black "Dizdar, Goran"]
[Result "0-1"]
[WhiteElo "2325"]
[BlackElo "2563"]
[PlyCount "80"]
[EventDate "2009.10.23"]
[EventType "team"]
[EventRounds "11"]
[EventCountry "AUT"]
[WhiteTeam "Hohenems II"]
[BlackTeam "SC Absam"]

1.d4 Nf6 2.c4 e6 3.Nc3 Bb4 4.Nf3 b6 5.Qc2 Bb7 6.a3 Bxc3+ 7.Qxc3 O-O 8.g3 c5
9.dxc5 bxc5 10.Bg2 d6 11.O-O a5 12.b3 Nbd7 13.Bb2 Qb6 14.Rfd1 Rab8 15.Qd3 d5
16.Bxf6 Nxf6 17.Nd2 d4 18.Bxb7 Qxb7 19.Rab1 e5 20.f3 g6 21.e4 Qc6 22.Rf1 Rfe8
23.Kg2 Re7 24.h3 Ne8 25.Kh2 Nd6 26.a4 f5 27.g4 Rf8 28.gxf5 gxf5 29.Rg1+ Kh8
30.Rg2 Ref7 31.Rbg1 Qc7 32.Qe2 Qe7 33.Qe1 f4 34.Rg4 Ne8 35.Qh4 Qxh4 36.Rxh4 Nf6
37.Rg5 Rg7 38.Rxe5 Rfg8 39.Rg4 Nxg4+ 40.hxg4 Rg5

[Event "2. Bundesliga West 2009/20010"]
[Site "Bregenz"]
[Date "2010.01.30"]
[Round "7"]
[Board "2"]
[White "Rotstein, Arkadij"]
[Black "Grabher, Heinz"]
[Result "1-0"]
[WhiteElo "2534"]
[BlackElo "2252"]
[PlyCount "95"]
[EventDate "2009.10.23"]
[EventType "team"]
[EventRounds "11"]
[EventCountry "AUT"]
[WhiteTeam "SC Absam"]
[BlackTeam "Hohenems II"]

1.d4 Nf6 2.Nf3 e6 3.g3 d5 4.Bg2 Be7 5.O-O O-O 6.c4 Nbd7 7.Qc2 c6 8.Nbd2 b6 9.e4
Bb7 10.e5 Ne8 11.cxd5 cxd5 12.Re1 a5 13.Nf1 Rc8 14.Qe2 Nc7 15.Bf4 Ba6 16.Qe3 b5
17.Bg5 Nb6 18.Bxe7 Qxe7 19.Qf4 b4 20.Ne3 f5 21.exf6 Rxf6 22.Qh4 Qf8 23.Rac1 Nc4
24.Nxc4 dxc4 25.Ng5 h6 26.Ne4 Rf5 27.Nc5 Bb5 28.Rc2 e5 29.Nb7 Ba4 30.Rce2 exd4
31.Qxd4 Nb5 32.Qb6 Rb8 33.Qe6+ Kh8 34.Qxc4 Rxb7 35.Re8 Rb8 36.Rxf8+ Rbxf8 37.b3
Na3 38.Qc7 Be8 39.Bh3 R5f6 40.Re7 Nb5 41.Qxa5 Nd4 42.Qc7 Rc6 43.Rxe8 Rxe8 44.Qd7
Re1+ 45.Kg2 Rd1 46.Bf5 g6 47.Be4 Rf6 48.Qe7

[Event "2. Bundesliga West 2009/20010"]
[Site "Bregenz"]
[Date "2010.01.30"]
[Round "7"]
[Board "3"]
[White "Amann, Guenter"]
[Black "Wegerle, Joerg"]
[Result "0-1"]
[WhiteElo "2293"]
[BlackElo "2430"]
[PlyCount "82"]
[EventDate "2009.10.23"]
[EventType "team"]
[EventRounds "11"]
[EventCountry "AUT"]
[WhiteTeam "Hohenems II"]
[BlackTeam "SC Absam"]

1.Nf3 d5 2.d4 Nf6 3.c4 dxc4 4.e3 Be6 5.Na3 Bd5 6.Nxc4 e6 7.Be2 c5 8.O-O Nc6
9.Nce5 Bd6 10.Nxc6 Bxc6 11.Qc2 Qb6 12.Rd1 O-O 13.Nd2 Be7 14.Nc4 Qc7 15.dxc5 Be4
16.Bd3 Bxd3 17.Rxd3 Qxc5 18.b3 Rac8 19.Ba3 Qc7 20.Bxe7 Qxe7 21.Qb2 Rfd8 22.Rd4
Qc5 23.b4 Qc7 24.Rad1 Rxd4 25.Qxd4 Nd5 26.Nd2 Nc3 27.Re1 Rd8 28.Qc4 Qxc4 29.Nxc4
Nxa2 30.h4 Nc3 31.Na5 Rd7 32.Kh2 g6 33.Rc1 Ne4 34.Rc8+ Kg7 35.f3 Nd6 36.Ra8 Nb5
37.Rb8 b6 38.Nc6 Rc7 39.Ne5 Nc3 40.Ra8 Nd5 41.b5 Nc3

[Event "2. Bundesliga West 2009/20010"]
[Site "Bregenz"]
[Date "2010.01.30"]
[Round "7"]
[Board "4"]
[White "Duer, Werner"]
[Black "Burschowsky, Matthias"]
[Result "0-1"]
[WhiteElo "2250"]
[BlackElo "2214"]
[PlyCount "68"]
[EventDate "2009.10.23"]
[EventType "team"]
[EventRounds "11"]
[EventCountry "AUT"]
[WhiteTeam "SC Absam"]
[BlackTeam "Hohenems II"]

1.d4 Nf6 2.Nf3 e6 3.e3 b6 4.Bd3 Bb7 5.O-O Be7 6.c4 O-O 7.Nc3 d5 8.b3 Nbd7 9.Bb2
Ne4 10.Bxe4 dxe4 11.Nd2 f5 12.f3 exf3 13.Nxf3 Nf6 14.Qe2 Bd6 15.a3 a5 16.Rad1
Qe7 17.Nb5 Ng4 18.h3 Bg3 19.a4 Qf6 20.d5 Qh6 21.Bc1 Qh5 22.Nfd4 exd5 23.Qf3 Bh2+
24.Kh1 g6 25.cxd5 Rae8 26.Nc6 Qh4 27.Nbd4 Bg3 28.d6 Bxd6 29.Qd5+ Rf7 30.Nxf5
gxf5 31.Rxf5 Nf2+ 32.Rxf2 Qxf2 33.Qg5+ Kh8 34.Bd2 Qf1+

[Event "2. Bundesliga West 2009/20010"]
[Site "Bregenz"]
[Date "2010.01.30"]
[Round "7"]
[Board "5"]
[White "Sandholzer, Robert"]
[Black "Gerhold, Michael"]
[Result "1-0"]
[WhiteElo "2104"]
[BlackElo "2241"]
[PlyCount "79"]
[EventDate "2009.10.23"]
[EventType "team"]
[EventRounds "11"]
[EventCountry "AUT"]
[WhiteTeam "Hohenems II"]
[BlackTeam "SC Absam"]

1.d4 Nf6 2.Nf3 d5 3.c4 c6 4.Nc3 e6 5.Bg5 h6 6.Bxf6 Qxf6 7.Qc2 Nd7 8.e4 dxe4
9.Nxe4 Bb4+ 10.Nc3 c5 11.O-O-O cxd4 12.Rxd4 O-O 13.Be2 Bc5 14.Rd2 Qf4 15.g3 Qc7
16.Nd4 Nf6 17.f4 e5 18.fxe5 Qxe5 19.Nf3 Qe7 20.Kb1 Be6 21.Bd3 Rac8 22.Re1 Qc7
23.Ne5 Bb4 24.a3 Bc5 25.Ng6 Rfe8 26.Nf4 Bg4 27.Rxe8+ Rxe8 28.h3 Bf3 29.Be2 Bc6
30.Bd3 Be3 31.Re2 Bxf4 32.gxf4 Qxf4 33.Rf2 Re1+ 34.Ka2 Qe3 35.Bf5 Qe5 36.Qd2 g6
37.Qxh6 gxf5 38.Qg5+ Kh8 39.Rxf5 Qd4 40.Qxf6+ {Rest unleserlich}

[Event "2. Bundesliga West 2009/20010"]
[Site "Bregenz"]
[Date "2010.01.30"]
[Round "7"]
[Board "6"]
[White "Natter, Siegfried"]
[Black "Levy, Pascal"]
[Result "1-0"]
[WhiteElo "2262"]
[BlackElo "2071"]
[PlyCount "61"]
[EventDate "2009.10.23"]
[EventType "team"]
[EventRounds "11"]
[EventCountry "AUT"]
[WhiteTeam "SC Absam"]
[BlackTeam "Hohenems II"]

1.e4 g6 2.Nc3 Bg7 3.d4 d6 4.f4 c5 5.dxc5 Qa5 6.cxd6 Bxc3+ 7.bxc3 Qxc3+ 8.Bd2 Qd4
9.Bd3 Bg4 10.Nf3 Bxf3 11.gxf3 Qxd6 12.Rb1 Qc7 13.O-O Nf6 14.Qe1 Nc6 15.Be3 h6
16.Rb5 g5 17.f5 Ne5 18.Rc5 Qb8 19.Bb5+ Kf8 20.Qc3 a6 21.Rxe5 axb5 22.Bc5 Nh5
23.Rxe7 Kg8 24.Qb3 Rh7 25.Qxb5 Ng3 26.Rd1 b6 27.Bd6 Qd8 28.hxg3 h5 29.f6 g4
30.Rd5 Qc8 31.Rxh5